Guadalajara : la perla de México = Guadalajara : The Pearl of Mexico /

Perfil histórico y cultural de Guadalajara, que describre la evolución de la ciudad y la manera como en cada etapa ha ido construyéndose la identidad que la define.

I tiakina i:
Ngā taipitopito rārangi puna kōrero
Kaituhi matua: García Oropeza, Guillermo (texto)
Ētahi atu kaituhi: García Sánchez, Juan Cristóbal (fotógrafo) (fotógrafo)
Hōputu: Pukapuka
Reo:Pāniora
I whakaputaina: Guadalajara, México : Ilustra, 2015, c2015
Ngā marau:
Ngā Tūtohu: Tāpirihia he Tūtohu
Kāore He Tūtohu, Me noho koe te mea tuatahi ki te tūtohu i tēnei pūkete!

MARC

LEADER 00000nam^a2200000^a^4500
001 000405386
005 20250526000000.0
008 080430 20022002
009 20260310121830.227
020 |a 978-607-7562-11-5 
037 |a Acervo ITESO - Biblioteca 
041 |a ESP 
082 |a 972. 352  |b GAR 
100 |a García Oropeza, Guillermo  |e (texto) 
245 1 0 |a Guadalajara :  |b la perla de México = Guadalajara : The Pearl of Mexico /  |c Texto de G. García Oropeza ; fotógrafo J.C. García Sánchez. 
264 4 |a Guadalajara, México :  |b Ilustra,  |c 2015, c2015 
300 |a 224 p. ;  |c 31.5 cm. 
336 |a texto  |b txt  |2 rdacontenido 
337 |a sin mediación  |b n  |2 rdamedio 
338 |a volumen  |b nc  |2 rdasoporte 
520 |a Perfil histórico y cultural de Guadalajara, que describre la evolución de la ciudad y la manera como en cada etapa ha ido construyéndose la identidad que la define. 
649 |a XX 
650 |a Identidad Cultural -  |z Guadalajara, Jalisco 
650 |a Identidad Cultural -  |z México 
650 |a Prácticas Culturales -  |z Guadalajara, Jalisco 
650 |a Prácticas Culturales -  |z México 
650 |a Arquitectura Jalisciense -  |x Historia y Crítica 
650 |a Arquitectura Mexicana -  |x Historia y Crítica 
650 |a Arte Jalisciense -  |x Historia y Crítica 
650 |a Arte Mexicano -  |x Historia y Crítica 
650 |a Guadalajara, Jalisco -  |x Tema Principal 
650 |a Guadalajara, Jalisco -  |x Historia 
650 |a Guadalajara, Jalisco -  |x Fotografías 
650 |a Guadalajara, Jalisco -  |x Descripción 
650 |a México -  |x Historia 
650 |a México -  |x Fotografías 
650 |a México -  |x Descripción 
700 |a García Sánchez, Juan Cristóbal  |e (fotógrafo) 
910 |a Fondo General 
920 |a Impresos - Libros 
930 |a Libros Antiguos y Raros 
905 |a 108 
901 |a 0500310047  |b IT2  |c LRA  |i C156517  |u 20250526 
902 |a https://opac.biblio.iteso.mx/vufind/Record/000405386